00639nam a22001337a 4500008004100000020001400041050002500055245029000080250002000370260004200390300002200432440003100454500002000485140911b xxu||||| |||| 00| 0 eng d a032780108 aKF101.A312 (vol 131) aUnited States Supreme Court reports: October term 1994, cases contained in U.S. reports, vol 513 U.S.(part) and 514 U.S. lawyers edition, second series, vol 131: complete with headnotes, summaries of decisions and briefs, annotations, tables and index. /cedited by Sheldon R. Shapiro aLawyers edition aLondon:bLexis Law Publishing,c1999. axcv,1188p.:c26cm pOctober term 1994vvol 131 aIncludes index.